Normal view MARC view

Entry Corporate Name

Number of records used in: 1

001 - CONTROL NUMBER

  • control field: 699096

003 - CONTROL NUMBER IDENTIFIER

  • control field: OSt

005 - DATE AND TIME OF LATEST TRANSACTION

  • control field: 20221007082443.0

008 - FIXED-LENGTH DATA ELEMENTS

  • fixed length control field: 221007|| aca||aabn | a|a d

040 ## - CATALOGING SOURCE

  • Original cataloging agency: OSt
  • Transcribing agency: OSt

110 ## - HEADING--CORPORATE NAME

  • Corporate name or jurisdiction name as entry element: Dept. of public information (New York U.S.A.)

670 ## - SOURCE DATA FOUND

  • Source citation: Work cat.: (OSt)1166481: Dept. of public information (New York U.S.A.), Yearbook of the united nations 1978, 1978
Copyright @ Delhi University Library System